000 00479nam a22001577a 4500
005 20251108164148.0
008 250721s2001 xx 000 0 ara d
082 1 4 _a158.6/قاس
100 1 _aالقاسم، بديع محمود مبارك
245 1 0 _aعلم النفس المهني بين النظرية و التطبيق /
264 1 _aعمان :
_bمؤسسة الوراق،
_c2001.
300 _a250ص
650 1 7 _aعلم النفس
942 _2ddc
_cBK
999 _c5184
_d5184